000
00316nam a22001217a 4500
999
_c
14009
_d
14009
020
_a
9789696370185
082
_a
330.15
100
_a
Muttahir Ahmed Khan
245
_a
The Lighthouse : Selected Essays on Education, Literature and Economy
260
_a
Karachi
_b
Paramount
_c
2014
300
_a
206 pages
942
_c
BK